Geography Quiz

Random Geography or State Quiz

Invisible US States Quiz Stats

 Plays Quiz Updated Dec 1, 2017

Also try: US States
Challenge
Share
Tweet
Embed
Score 0/50 Timer 04:00
18 Plays Today
State % Correct
California
95.1%
New York
93.8%
Florida
93.7%
Alabama
92.6%
North Dakota
91.9%
Alaska
91.9%
Texas
91.6%
Washington
91.6%
North Carolina
91.4%
Maine
91.2%
Georgia
91.1%
South Dakota
91.1%
South Carolina
90.8%
New Mexico
90%
Arizona
90%
Hawaii
89.5%
Oregon
89.1%
Ohio
88.7%
Virginia
88.5%
Arkansas
88.3%
Colorado
87.9%
Idaho
87.5%
Michigan
87.5%
Mississippi
87.2%
New Hampshire
87%
State % Correct
Illinois
86.9%
Kansas
86.8%
New Jersey
86.3%
Kentucky
86.3%
West Virginia
86.2%
Montana
86.1%
Rhode Island
86.1%
Vermont
85.9%
Delaware
85.5%
Louisiana
85.3%
Tennessee
85.2%
Nevada
84.9%
Pennsylvania
84.8%
Iowa
84.7%
Indiana
84.5%
Maryland
83.5%
Connecticut
83.5%
Utah
83.4%
Oklahoma
82%
Wyoming
81.9%
Missouri
81.4%
Massachusetts
81.1%
Nebraska
80.2%
Minnesota
80.1%
Wisconsin
80%

You're not logged in!

Compare scores with friends on all Sporcle quizzes.
OR
Log In

You Might Also Like...

Show Comments

Extras

Top Quizzes Today


Score Distribution

Your Account Isn't Verified!

In order to create a playlist on Sporcle, you need to verify the email address you used during registration. Go to your Sporcle Settings to finish the process.

Report this User

Report this user for behavior that violates our Community Guidelines.

Details: